| 000 | 00770cam a2200217 a 4500 | ||
|---|---|---|---|
| 001 | 000003153 | ||
| 005 | 20260521134322.0 | ||
| 008 | 841228s1983 cu b 001 e spa | ||
| 010 | _a84256030 | ||
| 040 |
_aDO-SdBNP _cDLC _dDLC |
||
| 082 |
_a980.2 _bP293d |
||
| 100 | 1 |
_aPastor Bodmer, Beatriz. _d1948- _99950 |
|
| 245 | 1 | 0 |
_aDiscurso narrativo de la conquista de América : _bensayo / _cBeatriz Pastor ; edición de Reinaldo Castillo. |
| 260 |
_aLa Habana : _bCasa de las Américas, _c1983. |
||
| 300 |
_a570, [3] p. ; _c19 cm. |
||
| 504 | _aIncluye referencias bibliográficas | ||
| 650 | 4 |
_aAmérica latina _xHistoria _xEnsayos, conferencias, etc., _99951 |
|
| 650 | 0 |
_aEnsayos _98059 |
|
| 700 | 1 |
_aReinaldo Castillo _eed. _99952 |
|
| 910 | _aCatalogación por copia / LC | ||
| 999 |
_c2984 _d2984 |
||